LEADER 02844nam 2200637 450 001 9910464280903321 005 20200520144314.0 010 $a978-36037-2-8 035 $a(CKB)3710000000112086 035 $a(EBL)1690593 035 $a(SSID)ssj0001259449 035 $a(PQKBManifestationID)11767800 035 $a(PQKBTitleCode)TC0001259449 035 $a(PQKBWorkID)11296082 035 $a(PQKB)11204173 035 $a(MiAaPQ)EBC1690593 035 $a(PPN)187342687 035 $a(Au-PeEL)EBL1690593 035 $a(CaPaEBR)ebr10870450 035 $a(CaONFJC)MIL664264 035 $a(OCoLC)879948792 035 $a(EXLCZ)993710000000112086 100 $a20140523h20142014 uy 0 101 0 $aeng 135 $aur|n|---||||| 181 $ctxt 182 $cc 183 $acr 200 00$aAfrican rhythms $enew approaches to literature /$fSmith and Ce, editors 210 1$aOxford, [England] :$cAfrican Library of Critical Writing,$d2014. 210 4$dİ[2014] 215 $a1 online resource (172 p.) 300 $aDescription based upon print version of record. 311 $a1-322-32982-6 311 $a978-37085-9-7 320 $aIncludes bibliographical references. 327 $aCover; Title page; Copyright page; Contents; Introduction; Chapter 1 - Oratorical Strategies in African Literature; Chapter 2 - Ral Rhythms of Achebe's Fiction; Chapter 3 - Releaming the Song that Truly Speaks; Chapter 4 - Comapring the Child Hero; Chapter 5 - Children in a Discourse; Chapter 6 - Hearts and Ballads; Chapter 7 - Njange Wan; Chapter 8 - Riddles and Bash; Notes and Bibliography; Back cover 330 $aWith new integrative and indigenous approaches to literary affairs the focus of this volume is on the influence of tradition in African writing. Using the work of Chinua Achebe two scholars from outside Africa offer insight on oratorical devices in modern African fiction, two chapters follow which, by fusing traditional elements in transitional societies, illustrate the cultural awareness that touch on the exalted role of the artist in their communities. The post colonial rhetoric also continues with echoes of political commitment on modern poetry - town issues in the discourse of Africai?s lit 606 $aAfrican literature$xHistory and criticism 606 $aAfrican literature (English) 606 $aAfrican literature 607 $aEurope$xIn literature 608 $aElectronic books. 615 0$aAfrican literature$xHistory and criticism. 615 0$aAfrican literature (English) 615 0$aAfrican literature. 676 $a809.896 702 $aSmith 702 $aC. E 801 0$bMiAaPQ 801 1$bMiAaPQ 801 2$bMiAaPQ 906 $aBOOK 912 $a9910464280903321 996 $aAfrican rhythms$91999980 997 $aUNINA LEADER 01485oam 2200445zu 450 001 996216631103316 005 20210807003134.0 010 $a1-5090-7591-7 035 $a(CKB)1000000000711325 035 $a(SSID)ssj0000394136 035 $a(PQKBManifestationID)12156163 035 $a(PQKBTitleCode)TC0000394136 035 $a(PQKBWorkID)10387906 035 $a(PQKB)10945517 035 $a(EXLCZ)991000000000711325 100 $a20160829d2008 uy 101 0 $aeng 181 $ctxt 182 $cc 183 $acr 200 10$aDCC 2008 : 2008 Data Compression Conference : March 25-27, 2008, Snowbird, Utah : proceedings 210 31$a[Place of publication not identified]$cIEEE Computer Society$d2008 300 $aBibliographic Level Mode of Issuance: Monograph 311 $a0-7695-3121-0 606 $aData compression (Computer science)$vCongresses 606 $aEngineering & Applied Sciences$2HILCC 606 $aComputer Science$2HILCC 615 0$aData compression (Computer science) 615 7$aEngineering & Applied Sciences 615 7$aComputer Science 676 $a005.74/6 702 $aStorer$b James A 702 $aMarcellin$b Michael W 712 02$aIEEE Computer Society 712 02$aBrandeis University 801 0$bPQKB 906 $aPROCEEDING 912 $a996216631103316 996 $aDCC 2008 : 2008 Data Compression Conference : March 25-27, 2008, Snowbird, Utah : proceedings$92353929 997 $aUNISA